000 00832nam a2200253 a 4500
001 BRCA_9157
005 20190320210536.0
008 210918s1966----mx-a######---#000-0#spa-#
040 _aDLC
_cNmLcU
_dDLC
041 _aspa
044 _amx
050 4 _aNA9413
_b.R66 1966
100 1 _aRomero de Terreros y Vinent, Manuel
_cMarqués de San Francisco
_d1880-1968
_9903
245 1 0 _aFuentes virreinales
_cManuel Romero de Terreros.
260 _aMéxico
_bUNAM
_c1966
300 _a24 p.
_bil., 55 láminas
_c23 cm.
500 _aSuplemento del núm. 35 de los Anales del Instituto de Investigaciones Estéticas
500 _aEjemplar igual al Núm de Sist. 560
500 _aY51
504 _aIncluye referencias bibliográficas
650 1 4 _aArquitectura colonial
_vFuentes
_zMéxico
_91936
902 _aGFM
942 _2lcc
_cB
999 _c8804
_d8804